000 00341nam a22001337a 4500
020 _a0-7126-0409-X
082 _a004
_bBRI/M
100 _aBIDMEAD, CHRISTOPHER
245 _aTHE MICRO ENQUIRER
_bSPECTRUM
260 _aGREAT BRITAIN
_bCENTURY COMMUNICATIONS
_c1984
300 _a183
650 _aCOMPUTER SCIENCE REFERENCE
_zINDIA
942 _cBK
999 _c1707
_d1707